banner koha

Carta cachaças da Paraíba (Registro n. 327959)

MARC details
000 -LÍDER
Campo de controle fixo 01020nam a22003617a 4500
001 - NÚMERO DE CONTROLE
Número de controle BR2024002800
003 - CÓDIGO MARC DA AGÊNCIA CATALOGADORA
Campo de controle BR-BrBNA
005 - DATA E HORA DA ÚLTIMA ATUALIZAÇÃO
Campo de controle 20241004220726.0
008 - CAMPO DE TAMANHO FIXO
Campo fixo de controle 241004b bl.||||| |||| 00| 0 por d
040 ## - FONTE DA CATALOGAÇÃO
Agência catalogadora BR-BrBNA
Idioma da catalogação por
041 ## - CÓDIGO DO IDIOMA
Código do Idioma (eng, por, spa)
072 ## - CATEGORIA AGRIS
Código da categoria de assunto/objeto <a href="Q02 ; F01 ; B50">Q02 ; F01 ; B50</a>
Código do objeto 9924 ; 0230
090 ## - NÚMERO DE CHAMADA
Localização na estante 9924 BR2024002800
100 0# - ENTRADA PRINCIPAL - NOME PESSOAL
Nome pessoal Lemos, Vicente Otávio Neves (ed.)
100 0# - ENTRADA PRINCIPAL - NOME PESSOAL
Nome pessoal Rodrigues, Gonzaga
100 0# - ENTRADA PRINCIPAL - NOME PESSOAL
Nome pessoal Aguiar, Rosa
100 0# - ENTRADA PRINCIPAL - NOME PESSOAL
Nome pessoal Silva, Jairo Martins da
110 ## - ENTRADA PRINCIPAL - ENTIDADE
Nome da entidade ou lugar Associação Paraibana dos Engenhos de Cachaça de Alambique, João Pessoa, PB (Brasil)
245 ## - TÍTULO PRINCIPAL
Título principal Carta cachaças da Paraíba
260 ## - IMPRENTA (PUBLICAÇÃO, DISTRIBUIÇÃO, ETC.)
Lugar de publicação, distribuição, etc. João Pessoa, PB (Brasil)
Data de publicação, distribuição, etc [nd]
300 ## - DESCRIÇÃO FÍSICA
Extensão 143 p.
500 ## - NOTA GERAL
Notas gerais Published after 2016; 98 illus.
650 ## - ASSUNTO - THESAGRO
Cabeçalho tópico ou nome geográfico CACHAÇA
650 ## - ASSUNTO - THESAGRO
Cabeçalho tópico ou nome geográfico BEBIDA ALCOÓLICA
650 ## - ASSUNTO - THESAGRO
Cabeçalho tópico ou nome geográfico CANA DE AÇÚCAR
650 ## - ASSUNTO - THESAGRO
Cabeçalho tópico ou nome geográfico PRODUÇÃO
650 ## - ASSUNTO - THESAGRO
Cabeçalho tópico ou nome geográfico ENGENHO
650 ## - ASSUNTO - THESAGRO
Cabeçalho tópico ou nome geográfico ALAMBIQUE
650 ## - ASSUNTO - THESAGRO
Cabeçalho tópico ou nome geográfico HISTÓRIA
650 ## - ASSUNTO - THESAGRO
Cabeçalho tópico ou nome geográfico PARAÍBA
909 ## - IDENTIFICAÇÃO DO CATALOGADOR
Ano e mês da catalogação (aaaamm) 202410
Identificação do catalogador Fernando
942 ## - TIPO ESPECÍFICO
Tipo de material Livros
952 ## - LOCATION AND ITEM INFORMATION (KOHA)
-- 2024-10-04
Exemplares
Status de empréstimo Fonte de classificação Status de danificação Não pode ser emprestado Código da coleção Localização permanente Localização atual Localização na estante Total Checkouts Número de chamada Código de barras Tipo de material
  Classificação AGRIS     Agrobase Biblioteca Nacional de Agricultura - Binagri Biblioteca Nacional de Agricultura - Binagri Agrobase - Acervo Geral   9924 BR2024002800 2024-6105 Livros

BINAGRI

Telefone: (61)3218-2567/2388/3357/2097 - binagri@agro.gov.br

Ministério da Agricultura e Pecuária , Esplanada dos Ministérios, Bloco D, Anexo B, Brasília/DF, CEP: 70.043-900